000 00700nam a2200217Ia 4500
003 OSt
005 20220923212041.0
006 a|||||r|||| 00| 0
007 ta
008 220922b |||||||| |||| 00| 0 hin d
024 _a150,285
037 _cTextual
040 _aARTS
_cARTS
_bhin
041 _2hin
_ahin
082 _a902jM64, 152G4 (=)
100 _aद्विवेदी, महावीर प्रसाद
245 0 _aद्विवेदी अभिनंदन ग्रथ
246 _aDvivedī abhinandan gratha
942 _h902jM64, 152G4 (=)
_cTEXL
_2CC
999 _c305965
_d305965